| 000 | 01119nam a2200181Ia 4500 | ||
|---|---|---|---|
| 999 |
_c9821 _d9821 |
||
| 005 | 20231016090558.0 | ||
| 008 | 231015s9999 xx 000 0 und d | ||
| 040 |
_aUPAN _cBiblioteca San Vicente _eRCAA2 |
||
| 041 | _aspa | ||
| 082 |
_a346.070 3 _bV354d _c2000 |
||
| 100 |
_aValletta, Laura _4aut. |
||
| 245 | 0 |
_aDiccionario de derecho comercial/ _cLaura Valleta |
|
| 260 |
_aArgentina: _bValletta, _c2000 |
||
| 300 |
_a458 p.; _c26 cm. |
||
| 505 | _aTodo el derecho comercial contenido en un diccionario ameno, sencillo y claro. A través de sus 6500 términos y expresiones y 450 paginas nos permiten matizar y perfeccionar la interpretación y el análisis de las normas juridicas y la realidad comercial. Derecho, empresa, comercio y economía están íntimamente vinculados entre si, no pueden ser abordados en forma aislada. El encuadre jurídico moderno es de vital importancia para el mundo profesional, empresarial y estudiantil. Por su enorme utilidad y sus variedades terminológicas modernas, es una obra altamente recomendable. | ||
| 650 |
_2LEMB _vDiccionario _xDerecho comerciales |
||
| 942 |
_cBK _2ddc |
||